Tilastot visalle Suomalaiset Stanley Cup-voittajat

Klikkaa tästä pelataksesi tätä visaa!

Yleistilastot

  • Tätä visaa on pelattu 177 kertaa
    (111 viimeisimmän päivityksen jälkeen)
  • Keskiarvotulos 12 / 14

Vastaustilastot

VoittojaPelaajaJoukkueetVuosina% Oikein
1Teemu SelänneAnaheim Ducks2007
100%
1Mikko RantanenColorado Avalanche2022
97%
5Jari KurriEdmonton Oilers1984, 1985, 1987, 1988, 1990
96%
1Valtteri FilppulaDetroit Red Wings2008
92%
5Esa TikkanenEdmonton Oilers, New York Rangers1985, 1987, 1988, 1990, 1994
91%
1Artturi LehkonenColorado Avalanche2022
88%
1Tuukka RaskBoston Bruin2011
87%
2Olli MäättäPittsburgh Penguins2016, 2017
84%
1Kimmo TimonenChicago Blackhawks2015
82%
1Jere LehtinenDallas Stars1999
78%
1Teuvo TeräväinenChicago Blackhawks2015
76%
1Antti NiemiChicago Blackhawks2010
73%
1Ville NieminenColorado Avalanche2001
70%
2Reijo RuotsalainenEdmonton Oilers1987, 1990
60%

Tulosjakauma

Persentiili vastausten määrän mukaan

Jokaisen tuloksen saaneiden osuus

Tuloshistoriasi

Et ole pelannut tätä visaa sen viimeisimmän päivityksen jälkeen